|
|
|
|
| LEADER |
00000cam a22000004a 4500 |
| 001 |
musev2_85115 |
| 003 |
MdBmJHUP |
| 005 |
20230905052739.0 |
| 006 |
m o d |
| 007 |
cr||||||||nn|n |
| 008 |
210409s2021 nbu o 00 0 eng d |
| 020 |
|
|
|a 9781496225207
|
| 020 |
|
|
|z 9781496224330
|
| 035 |
|
|
|a (OCoLC)1245590782
|
| 040 |
|
|
|a MdBmJHUP
|c MdBmJHUP
|
| 245 |
1 |
0 |
|a Indigenous Languages and the Promise of Archives /
|c edited by Adrianna Link, Abigail Shelton, and Patrick Spero.
|
| 264 |
|
1 |
|a [Philadelphia, Pennsylvania] :
|b The American Philosophical Society,
|c [2021]
|
| 264 |
|
3 |
|a Baltimore, Md. :
|b Project MUSE,
|c 2021
|
| 264 |
|
4 |
|c ©[2021]
|
| 300 |
|
|
|a 1 online resource (534 pages):
|b illustrations.
|
| 336 |
|
|
|a text
|b txt
|2 rdacontent
|
| 337 |
|
|
|a computer
|b c
|2 rdamedia
|
| 338 |
|
|
|a online resource
|b cr
|2 rdacarrier
|
| 490 |
0 |
|
|a New visions in Native American and indigenous studies
|
| 500 |
|
|
|a Papers presented at the symposium, Translating across Time and Space: Endangered Languages, Cultural Revitalization, and the Work of History, hosted by the Center for Native American and Indigenous Research (CNAIR) at the American Philosophical Society in Philadelphia, from October 13-15, 2016.
|
| 505 |
0 |
|
|a Introduction: Collaborative Research and Language Revitalization: Toward a Relational Ontology across Time and Space / Regna Darnell -- Decolonizing Archives. Commentary / by Robert J. Miller -- Revitalization tools. Commentary / by Bethany Wiggin -- Power and Language. Commentary / by Diana E. Marsh -- Creative Collaborations. Commentary / by Regna Darnel -- Conclusion: The Power of Words, Relationships, and Archives / Mary S. Linn.
|
| 520 |
|
|
|a "Explores new applications of the American Philosophical Society's Library materials as twenty-first century scholars seek to partner on collaborative projects, often through the application of digital technologies, that assist ongoing efforts at cultural and linguistic revitalization movements within Native communities"--
|c Provided by publisher.
|
| 588 |
|
|
|a Description based on print version record.
|
| 650 |
|
7 |
|a Language revival.
|2 fast
|0 (OCoLC)fst00992415
|
| 650 |
|
7 |
|a Indians of North America
|x Library resources.
|2 fast
|0 (OCoLC)fst00969827
|
| 650 |
|
7 |
|a Indians of North America
|x Languages.
|2 fast
|0 (OCoLC)fst00969810
|
| 650 |
|
7 |
|a Indians of North America
|x Archives.
|2 fast
|0 (OCoLC)fst00969663
|
| 650 |
|
0 |
|a Indians of North America
|x Library resources
|v Congresses.
|
| 650 |
|
0 |
|a Indians of North America
|x Archives
|v Congresses.
|
| 650 |
|
0 |
|a Language revival
|z Canada
|v Congresses.
|
| 650 |
|
0 |
|a Language revival
|z United States
|v Congresses.
|
| 650 |
|
0 |
|a Indians of North America
|x Languages
|v Congresses.
|
| 651 |
|
7 |
|a United States.
|2 fast
|0 (OCoLC)fst01204155
|
| 651 |
|
7 |
|a Canada.
|2 fast
|0 (OCoLC)fst01204310
|
| 655 |
|
7 |
|a Conference papers and proceedings.
|2 fast
|0 (OCoLC)fst01423772
|
| 655 |
|
7 |
|a Electronic books.
|2 local
|
| 700 |
1 |
|
|a Spero, Patrick,
|e editor.
|
| 700 |
1 |
|
|a Shelton, Abigail,
|e editor.
|
| 700 |
1 |
|
|a Link, Adrianna,
|e editor.
|
| 710 |
2 |
|
|a American Philosophical Society,
|e sponsoring body.
|
| 710 |
2 |
|
|a Center for Native American and Indigenous Research,
|e sponsoring body.
|
| 710 |
2 |
|
|a Project Muse.
|e distributor
|
| 830 |
|
0 |
|a Book collections on Project MUSE.
|
| 856 |
4 |
0 |
|z Texto completo
|u https://projectmuse.uam.elogim.com/book/85115/
|
| 945 |
|
|
|a Project MUSE - Custom Collection
|
| 945 |
|
|
|a Project MUSE - 2021 Complete
|
| 945 |
|
|
|a Project MUSE - 2021 Language and Linguistics
|
| 945 |
|
|
|a Project MUSE - 2021 Native American and Indigenous Studies
|